Umění dob minulých I. /

Další autoři: Kašová, Jitka, 1951-
Jazyk: Čeština
Vydáno: Praha : Raabe, c2011
Edice: Dějepis
Dobrá škola
Témata:
Fyzický popis: 68, 63 s. : il. ; 30 cm
Knihy
Uloženo v:
LEADER 01903nam a2200577 a 4500
001 nkc20112196565
003 CZ PrNK
005 20170817103327.0
007 ta
008 110614s2011 xr a e f 000 0 cze
015 |a cnb002196565 
020 |a 978-80-86307-63-3  |q (brož.) 
035 |a (OCoLC)1003287890 
040 |a OLA001  |b cze 
072 7 |a 93/94  |x Dějiny (obecně)  |2 Konspekt  |9 8 
080 |a 93/94  |2 MRF 
080 |a 903  |2 MRF 
080 |a 94(3)  |2 MRF 
080 |a 7.031.1  |2 MRF 
080 |a 7.032  |2 MRF 
080 |a 37.091.3  |2 MRF 
080 |a (072)  |2 MRF 
245 0 0 |a Umění dob minulých I. /  |c [editorka Jitka Kašová] 
260 |a Praha :  |b Raabe,  |c c2011 
300 |a 68, 63 s. :  |b il. ;  |c 30 cm 
490 1 |a Dějepis ;  |v 1 
490 1 |a Dobrá škola 
500 |a Obálkový podnázev: praktické náměty a hotové přípravy pro výuku dějepisu na 2. stupni ZŠ 
650 0 7 |a dějepis  |7 ph117186  |2 czenas 
650 0 7 |a pravěk  |7 ph117254  |x dějiny  |2 czenas 
650 0 7 |a starověk  |7 ph126028  |x dějiny  |2 czenas 
650 0 7 |a pravěké umění  |7 ph124579  |2 czenas 
650 0 7 |a starověké umění  |7 ph126035  |2 czenas 
650 0 7 |a studium a výuka  |7 ph136700  |2 czenas 
650 0 9 |a history (school subject)  |2 eczenas 
650 0 9 |a prehistory  |2 eczenas 
650 0 9 |a antiquity  |x history  |2 eczenas 
650 0 9 |a prehistoric art  |2 eczenas 
650 0 9 |a ancient art  |2 eczenas 
650 0 9 |a study and teaching  |2 eczenas 
655 7 |a metodické příručky  |7 fd132826  |2 czenas 
655 9 |a methodological manuals  |2 eczenas 
700 1 |a Kašová, Jitka,  |d 1951-  |7 xx0055263  |4 edt 
830 0 |a Dějepis  |0 s 
830 0 |a Dobrá škola  |0 s 
910 2 |a BOA001  |b 4-1268.768 
928 9 |a Josef Raabe 
990 |a BK 
995 |a 01 
991 |b 201109  |c NOV  |e n 
996 6 |b 2610486912  |c 4-1268.768  |l MZK  |r Sklad / do 1 hodiny  |n 5  |p p.v.  |w 001198185  |u 000010  |a 1  |e BOA001  |j MZK50  |s P